000
00330nam a22001457a 4500
003
OSt
008
240409b |||||||| |||| 00| 0 eng d
020
_a
9789388302692
100
_a
KING,Vex
245
_a
Healing is the New High
250
_a
1st Ed
260
_a
New Delhi
_b
Hay House
_c
2024
300
_a
281
942
_2
ddc
_c
REF
999
_c
12424
_d
12424